[Event "Open"]
[Site "Banska Stiavnica SVK"]
[Date "2007.07.08"]
[Round "2"]
[White "Hrivnak,M"]
[Black "Nemeth,Mi1"]
[Result "0-1"]
[WhiteElo "2206"]
[BlackElo "2427"]

1.Nf3 Nf6 2.c4 e6 3.Nc3 c5 4.g3 b6 5.Bg2 Bb7 6.O-O a6 7.Nh4 Nc6 8.e4 d6 9.f4 Be7
10.d3 O-O 11.f5 b5 12.fxe6 fxe6 13.Bh3 Nd4 14.Ne2 Nxe2+ 15.Qxe2 Bc8 16.b3 bxc4
17.dxc4 Ne8 18.Rxf8+ Kxf8 19.Ng2 Nc7 20.e5 d5 21.Bd2 a5 22.Rf1+ Kg8 23.Nf4 dxc4
24.Bg2 cxb3 25.Rd1 Qd4+ 26.Kh1 bxa2 27.Qe1 Rb8 28.Bc3 Qxd1 29.Qxd1 Rb1 30.Bf3 Bb7
31.Bxb7 Rxd1+  0-1

[Event "ch-SVK"]
[Site "Banska Stiavnica SVK"]
[Date "2007.07.10"]
[Round "4"]
[White "Vavrak,P"]
[Black "Hagarova,Z"]
[Result "1-0"]
[WhiteElo "2428"]
[BlackElo "2389"]

1.Nf3 Nf6 2.c4 c5 3.Nc3 g6 4.e4 Nc6 5.d4 cxd4 6.Nxd4 d6 7.Be2 Nxd4 8.Qxd4 Bg7
9.Bg5 O-O 10.Qd2 Be6 11.Rc1 Qa5 12.f3 Rfc8 13.Nd5 Qxd2+ 14.Kxd2 Bxd5 15.cxd5 h6
16.Be3 Nd7 17.Bb5 Ne5 18.Rxc8+ Rxc8 19.Rc1 Rxc1 20.Kxc1 a6 21.Be2 Kf8 22.Kc2 Nd7
23.b4 Ke8 24.Kb3 Kd8 25.Ka4 Kc7 26.Ka5 Bc3 27.Ka4 Bg7 28.h4 h5 29.g4 Bc3
30.gxh5 gxh5 31.Bf2 Be5 32.f4 Bxf4 33.Bxh5 Ne5 34.Be2 f6 35.h5 Bg5 36.Kb3 Bf4
37.Kc3 Bc1 38.Bf1 Ng4 39.Be1 Bf4 40.Bh3 Nh6 41.Be6 b5 42.Bf2 Bg5 43.Kb3 Bf4
44.a4 Bd2 45.a5 Bg5 46.Bb6+ Kb7 47.Bd8 f5 48.exf5 Bf6 49.Bb6 Ng4 50.Kc2 Bg5
51.Bd4 Bh6 52.Kd3 Kc7 53.Ke2 Nf6 54.Bf7 Ng4 55.Bc3 Ne5 56.Be6 Nc4 57.Bd4 Kb7
58.Kd3 Kc7 59.f6 exf6 60.Bxf6 Nd2 61.Bc3 Nf1 62.Be1 Bf4 63.Ke4 Bc1 64.Kf5 Nh2
65.Kg6 Nf3 66.Bc3 Ne5+ 67.Kg7  1-0

[Event "Zudov Mem B"]
[Site "Nizhnij Tagil RUS"]
[Date "2007.07.10"]
[Round "4"]
[White "Shestakov,D"]
[Black "Kaliberda,V"]
[Result "0-1"]
[WhiteElo "2335"]
[BlackElo "2337"]

1.Nf3 Nf6 2.c4 c5 3.Nc3 b6 4.g3 Bb7 5.Bg2 e6 6.O-O Be7 7.d4 cxd4 8.Qxd4 O-O
9.Rd1 Nc6 10.Qf4 Qb8 11.Qxb8 Raxb8 12.b3 Rfd8 13.Bb2 a6 14.e4 d6 15.Ne1 Ba8
16.f3 b5 17.Bf1 b4 18.Na4 a5 19.Nd3 Nd7 20.Kf2 Nce5 21.Nxe5 dxe5 22.Rd2 Bc6
23.Rad1 f6 24.f4 exf4 25.gxf4 Bxa4 26.bxa4 Nc5 27.Rxd8+ Rxd8 28.Rxd8+ Bxd8
29.Bd4 Nxe4+ 30.Ke3 Nc3 31.a3 Nxa4 32.axb4 axb4 33.c5 Kf7 34.Kd3 Bc7 35.Kc4 Nc3
36.f5 exf5 37.Kxb4 Nd5+  0-1

[Event "ch-Montenegro"]
[Site "Cetinje MNE"]
[Date "2007.07.11"]
[Round "1"]
[White "Nikcevic,N"]
[Black "Pajkovic,V"]
[Result "1/2-1/2"]
[WhiteElo "2456"]
[BlackElo "2421"]

1.c4 Nf6 2.Nc3 c5 3.Nf3 d5 4.cxd5 Nxd5 5.e3 Nxc3 6.bxc3 g6 7.Bb5+ Nd7 8.Ba3 Qc7
9.Qb3 a6 10.Ng5 e6 11.Be2 Be7 12.Nf3 e5 13.Qd5 O-O 14.O-O Bd6  1/2-1/2

[Event "XXX Open"]
[Site "Barbera del Valles ESP"]
[Date "2007.07.12"]
[Round "7"]
[White "Bautista Sanchez,J"]
[Black "Cuartas,Jo"]
[Result "0-1"]
[WhiteElo "2223"]
[BlackElo "2236"]

1.c4 c5 2.Nc3 Nf6 3.Nf3 d5 4.cxd5 Nxd5 5.g3 Nc6 6.Bg2 Nc7 7.O-O e5 8.d3 Be7
9.Nd2 O-O 10.Nc4 f6 11.f4 exf4 12.Rxf4 Be6 13.Qa4 Nd5 14.Rf2 Kh8 15.Nxd5 Bxd5
16.Bxd5 Qxd5 17.Ne3 Qd7 18.Nf5 Rae8 19.Bd2 Bd8 20.Bc3 Bb6 21.Rd1 c4 22.d4 Qd5
23.b3 cxb3 24.Qxb3 Qxb3 25.axb3 g6 26.Nd6 Rd8 27.Nc4 Bxd4 28.Bxd4 Nxd4 29.Ra1 a6
30.Na5 Rd7 31.e3 Nb5 32.Rc1 Kg7 33.Rb2 Re8 34.Kf2 Nd6 35.b4 f5 36.Nc4 Nxc4
37.Rxc4 Re5 38.Rc5 Rde7 39.Rb3 Kf6 40.Kf3 Rxc5 41.bxc5 Ke5 42.Rb6 Kd5 43.c6 bxc6
44.Rxa6 c5 45.h3 Rc7 46.Ke2 c4 47.Ra5+ Ke4 48.Ra4 Ke5 49.Ra8 Kf6 50.g4 c3
51.Ra1 c2 52.Rc1 fxg4 53.hxg4 Kg5 54.Kf3 Rc3 55.Ke4 Kxg4 56.Kd4 Rc8 57.e4 Kf3  0-1

[Event "Inautomarket Open"]
[Site "Minsk BLR"]
[Date "2007.07.13"]
[Round "4"]
[White "Khismatullin,D"]
[Black "Kuderinov,K"]
[Result "1-0"]
[WhiteElo "2566"]
[BlackElo "2414"]

1.c4 Nf6 2.Nc3 c5 3.Nf3 g6 4.d4 cxd4 5.Nxd4 Bg7 6.e4 d6 7.Be2 O-O 8.O-O Nc6
9.Nc2 b6 10.Be3 Bb7 11.Qd2 Qd7 12.f3 Rfd8 13.Rad1 Qe8 14.Rfe1 Qf8 15.Bf1 Rd7
16.Nd4 Ne5 17.a4 e6 18.Bf2 Bh6 19.Be3 Bxe3+ 20.Qxe3 Nc6 21.Nxc6 Bxc6 22.Rd2 Rad8
23.Red1 Ne8 24.b4 Qg7 25.b5 Bb7 26.a5 bxa5 27.c5 Rc7 28.c6 Ba8 29.Na4 a6
30.bxa6 Bxc6 31.Nb6 Ba8 32.Ra2 Rc3 33.Qf2 Rb3 34.Rc1 d5 35.Nxa8 Rxa8 36.exd5 exd5
37.Rxa5 d4 38.Rd5 Rc3 39.Ra1 d3 40.Qb2 Nc7 41.Rxd3 Nb5 42.Rxc3 Nxc3 43.Kh1 Qd4
44.Rc1 Rc8 45.a7 Qxa7 46.Rxc3 Rb8 47.Qc1 Qd7 48.Rc7 Qf5 49.Qc3 Rd8 50.h3 Qb1
51.Kg1 Qb6+ 52.Qc5 Qe6 53.Rxf7 Rc8 54.Rf8+  1-0

[Event "1st LCT"]
[Site "Leiden NED"]
[Date "2007.07.14"]
[Round "2"]
[White "Reinderman,D"]
[Black "Coene,I"]
[Result "1-0"]
[WhiteElo "2506"]
[BlackElo "2105"]

1.c4 Nf6 2.Nc3 c5 3.Nf3 g6 4.e4 Nc6 5.d4 cxd4 6.Nxd4 Bg7 7.Be3 O-O 8.Be2 Nxd4
9.Bxd4 d6 10.Rc1 Be6 11.O-O Qa5 12.f4 Rac8 13.b3 a6 14.a4 Ne8 15.f5 Bxd4+
16.Qxd4 Bd7 17.Nd5 Qd8 18.Rcd1 Bc6 19.Nb6 Rb8 20.c5 Qc7 21.Bc4 dxc5 22.Qxc5 Rd8
23.fxg6 hxg6 24.e5 Rxd1 25.Rxd1 e6 26.b4 Bxa4 27.Nxa4 b5 28.Nb6 bxc4 29.Nd7 Qxc5+
30.bxc5 Nc7 31.Nxf8 Kxf8 32.Rc1 Ke7 33.Rxc4 Nd5 34.Ra4 Nc7 35.c6  1-0

[Event "Canadian Open"]
[Site "Ottawa CAN"]
[Date "2007.07.14"]
[Round "9"]
[White "Lahaye,R"]
[Black "Kunte,A"]
[Result "1/2-1/2"]
[WhiteElo "2367"]
[BlackElo "2519"]

1.Nf3 Nf6 2.c4 c5 3.Nc3 b6 4.d4 cxd4 5.Nxd4 Bb7 6.f3 e6 7.e4 d6 8.Be3 Be7
9.Qd2 O-O 10.Be2 a6 11.O-O Qc7 12.Rac1 Nbd7 13.b4 Rac8 14.Rfd1 Rfe8 15.Na4 Qb8
16.Nb3 d5 17.exd5 Bd6 18.Nd4 exd5 19.c5 Bxh2+ 20.Kf1 Rxe3 21.Qxe3 Bf4 22.Qa3 Bxc1
23.Rxc1 b5 24.c6 bxa4 25.cxd7 Rxc1+ 26.Qxc1 Nxd7 27.Qg5 Qf8 28.a3 h6 29.Qf4 Qb8
30.Qxb8+ Nxb8 31.Bd1 Kf8 32.Bxa4 g6 33.Ke2 Ke7 34.Kd3 Bc8 35.f4 f6 36.g3 g5
37.Bd1 gxf4 38.gxf4 Kd6 39.a4 Bh3 40.Ke3 Nd7 41.a5 Nf8 42.f5 Bf1 43.Ba4 h5
44.Kf4 Nh7 45.Be8 h4 46.b5 Ng5 47.bxa6 Bxa6 48.Bb5 Bc8 49.a6 Kc7 50.Bc6 Bxa6
51.Bxd5 Kd6 52.Ba8 Bc4 53.Nc2 h3 54.Ne3 Be2 55.Bh1 Ke7 56.Nd5+ Kf7 57.Ne3 Kg7
58.Nd5 Bb5 59.Ne3 Kf7 60.Ng4 Kg7 61.Ne3 Ba6 62.Ng4 Be2 63.Ne3 Bd3 64.Ng4 Nf7
65.Ne3 Nd6 66.Kg4  1/2-1/2

[Event "XII Open"]
[Site "Balaguer ESP"]
[Date "2007.07.18"]
[Round "3"]
[White "Pogorelov,R"]
[Black "Arun,K"]
[Result "1/2-1/2"]
[WhiteElo "2453"]
[BlackElo "2329"]

1.Nf3 Nf6 2.c4 c5 3.Nc3 e6 4.g3 b6 5.Bg2 Bb7 6.O-O Be7 7.Re1 d6 8.e4 a6 9.d4 cxd4
10.Nxd4 Qc7 11.Be3 Nbd7 12.Rc1 O-O 13.f4 Rac8 14.g4 Nc5 15.Bf2 g5 16.fxg5 Ne8
17.h4 Ng7 18.Nde2 Nd7 19.b3 f6 20.gxf6 Bxf6 21.Qd3 Be5 22.Rf1 Nf6 23.Qh3 h5
24.gxh5 Nfxh5 25.Be3 Kh7 26.a4 Bc6 27.Rxf8 Rxf8 28.Rf1 Rxf1+ 29.Kxf1 Qf7+
30.Ke1 Nf4 31.Bxf4 Bxf4 32.Nxf4 Qxf4 33.Ne2 Qe5 34.Qg3 Qa1+ 35.Kf2 Qa3 36.Qe3 b5
37.cxb5 axb5 38.axb5 Bxb5 39.Bf3 Qa2 40.Kg3 Bxe2 41.Bxe2 Qb2 42.Kh3 Qe5 43.Qg3 Qa1
44.Qf3 Qe5 45.b4 d5 46.exd5 exd5 47.b5 Kh6 48.b6 Qe6+ 49.Qg4 Qxb6 50.Qg5+ Kh7
51.Bd3+ Kg8 52.Qxd5+ Qe6+ 53.Qxe6+ Nxe6 54.Bc4 Kf7 55.Kg4 Kf6 56.h5 Ng7 57.h6 Kg6  1/2-1/2

[Event "22nd North Sea Cup"]
[Site "Esbjerg DEN"]
[Date "2007.07.18"]
[Round "8"]
[White "Rendboe,J"]
[Black "Salama,O"]
[Result "1/2-1/2"]
[WhiteElo "2215"]
[BlackElo "2173"]

1.c4 c5 2.Nc3 Nf6 3.Nf3 e6 4.g3 Be7 5.Bg2 O-O 6.O-O Nc6 7.d4 cxd4 8.Nxd4 a6
9.b3 Bc5 10.Nc2 Qe7 11.Na4 d6 12.Nxc5 dxc5 13.Ba3 Rd8 14.Qc1 Bd7 15.Rd1 Rac8
16.Qg5 b6 17.Nd4 Nxd4 18.Rxd4 Bc6 19.Rg4 g6 20.Bb2 e5 21.Bxe5 Rd6 22.Rf4 Kg7
23.Bxd6 Qxd6 24.Bxc6 Rxc6 25.Rf3 Qd4 26.Qc1 Ne4 27.Qe1 Ng5 28.Rd3 Qe4 29.f3 Qxd3
30.exd3 Nxf3+ 31.Kf2 Nxe1 32.Rxe1 Rd6  1/2-1/2

[Event "Najdorf Mem GpA"]
[Site "Grodzisk Mazowiecki POL"]
[Date "2007.07.20"]
[Round "1"]
[White "Adamski,J"]
[Black "Llaneza Vega,V"]
[Result "1/2-1/2"]
[WhiteElo "2354"]
[BlackElo "2020"]

1.Nf3 c5 2.c4 Nf6 3.Nc3 g6 4.d4 cxd4 5.Nxd4 Bg7 6.e4 d6 7.Be2 O-O 8.Be3 Nc6
9.O-O Bd7 10.f3 Qa5 11.Nb3 Qd8 12.Rc1 b6 13.Qd2 Rc8 14.Bg5 Be6 15.Rfd1 Ne5
16.Nd5 Bxd5 17.exd5 Ned7 18.Nd4 Nb8 19.Re1 Qd7 20.Bf1 Rfe8 21.g3 Nh5 22.b3 Bxd4+
23.Qxd4 f6 24.Bd2 Ng7 25.Bc3 Na6 26.Re2 Qf5 27.Kg2 Nc5 28.Rce1 Rc7 29.Re3 Qg5
30.f4 Qg4 31.Be2 Qd7 32.Qd2 Nf5 33.Rf3 Ne4 34.Qd1 Nxc3 35.Rxc3 e5 36.dxe6 Qxe6
37.Kf2 Rce7 38.c5 Kg7 39.g4 Ne3 40.Qxd6 Nxg4+ 41.Kg3 Qe4 42.Qd3 Qxd3+ 43.Rxd3 Nh6
44.Kf2 bxc5 45.Rd2 Nf5 46.Rc1 Re4 47.Rxc5 Rxf4+ 48.Kg2 Re3 49.Rc7+ Kh6 50.Rc4 Rxc4
51.Bxc4 Re7 52.Kf3 Nh4+ 53.Kg3 Nf5+ 54.Kf3 Nh4+ 55.Kg3  1/2-1/2

[Event "Czech Open GMA"]
[Site "Pardubice CZE"]
[Date "2007.07.20"]
[Round "1"]
[White "Franciskovic,B"]
[Black "Kalod,R"]
[Result "0-1"]
[WhiteElo "2273"]
[BlackElo "2486"]

1.c4 Nf6 2.Nf3 c5 3.Nc3 e6 4.g3 b6 5.Bg2 Bb7 6.O-O Be7 7.d4 cxd4 8.Qxd4 d6
9.Bg5 a6 10.Bxf6 Bxf6 11.Qf4 O-O 12.Rfd1 Be7 13.Ne4 Bxe4 14.Qxe4 Ra7 15.Nd4 Rc7
16.b3 Re8 17.Rac1 Qc8 18.Qb1 Nd7 19.a4 Nf6 20.e3 Bf8 21.Ne2 Rd8 22.Qa2 Qb8
23.b4 Rdc8 24.Nd4 d5 25.b5 axb5 26.axb5 Rxc4 27.Rxc4 Rxc4 28.e4 Qd6 29.exd5 exd5
30.Nf5 Qc5 31.Ne3 Rc1 32.Qd2 Rxd1+ 33.Qxd1 d4 34.Nc2 Qxb5 35.Nxd4 Qd7 36.Qa1 h5
37.h3 Bc5 38.Nf3 Qd8 39.Qb1 Qd6 40.Kf1 g6 41.Qc2 Kg7 42.Ng5 Qe5 43.Ne4 Qa1+
44.Ke2 Qa6+ 45.Kd1 Nxe4 46.Qxe4 Qa1+ 47.Kd2 Bxf2 48.g4 h4 49.Bf3 Qb2+ 50.Kd3 b5
51.Qe2 Qb3+ 52.Kd2 Bd4 53.Qd3 Qb2+ 54.Qc2 Qb4+ 55.Ke2 Qd6 56.Qe4 b4 57.Qd5 Qf4
58.Qe4 Qh2+ 59.Kd3 Bc3 60.Bg2 Qg1 61.Kc4 Qa7 62.Qc2 Qa6+ 63.Kb3 Qe6+ 64.Ka4 Qc4  0-1

[Event "Sun Pawn B"]
[Site "Ilichevsk UKR"]
[Date "2007.07.21"]
[Round "2"]
[White "Kigel,D"]
[Black "Bogdanovich,S"]
[Result "0-1"]
[WhiteElo "2071"]
[BlackElo "2217"]

1.c4 c5 2.Nf3 Nf6 3.Nc3 g6 4.d4 cxd4 5.Nxd4 Bg7 6.e4 O-O 7.Be3 Nc6 8.Be2 d6
9.O-O Bd7 10.Rc1 Nxd4 11.Bxd4 Bc6 12.Qd3 a6 13.f4 b5 14.Qe3 bxc4 15.Bxc4 Ng4
16.Qd3 e5 17.fxe5 Nxe5 18.Bxe5 Qb6+ 19.Kh1 Bxe5 20.Rc2 Kg7 21.b3 f6 22.Nd5 Qb7
23.a4 f5 24.exf5 gxf5 25.Rcf2 Kh8 26.Rxf5 Rxf5 27.Rxf5 Rg8 28.Qf3 Qg7 29.g3 Qh6
30.Kg2 Qd2+ 31.Kf1 Qc1+ 32.Kg2 Qd2+ 33.Kf1 Qc1+ 34.Kg2 Bd4 35.Rf8 Qg1+ 36.Kh3 Bd7+
37.Rf5 Qb1 38.Bd3 Qxb3 39.Kh4 Bxf5 40.Qxf5 Qb7 41.Nf6 Qe7 42.Qxh7+ Qxh7+
43.Nxh7 Kg7 44.Ng5 Rh8+ 45.Kg4 Rxh2 46.Bxa6 Kf6 47.Nf3 Ra2 48.Bb5 Be3 49.Ne1 Ke5
50.Nd3+ Kd4 51.Kf5 Ra1 52.Ke6 Rg1 53.Kxd6 Rxg3 54.Ke6 Bd2 55.Kf5 Re3 56.Kf6 Kd5
57.Kf5 Rf3+ 58.Kg4 Rf8 59.Nb2 Kc5 60.Nc4 Bc3 61.Ne3 Be5 62.Bd7 Rf4+ 63.Kh5 Bc7
64.Ng4 Bd8 65.a5 Kd6 66.Bc8 Bxa5 67.Kg5 Bd2 68.Bf5 Ke7 69.Kg6 Ra4 70.Kh5 Kf7
71.Kh4 Ra3 72.Nh2 Kf6 73.Bg4 Bg5+ 74.Kh5 Ra8 75.Bh3 Bf4 76.Ng4+ Kg7 77.Nf2 Be3
78.Ne4 Rh8+ 79.Kg4 Kg6 80.Bg2 Rf8 81.Bf3 Rf4+ 82.Kg3 Kf5 83.Nd6+ Ke5 84.Ne4 Rf8
85.Nc3 Bd2 86.Ne4 Be1+ 87.Kg2 Kf4 88.Nc5 Rg8+ 89.Kf1 Ke3 90.Nb3 Bf2 91.Bg2 Rg4
92.Nc5 Rg5 93.Nd3 Ra5 94.Be4 Bg3 95.Bg6 Rg5  0-1

[Event "Najdorf Mem GpA"]
[Site "Grodzisk Mazowiecki POL"]
[Date "2007.07.22"]
[Round "3"]
[White "Cyborowski,L"]
[Black "Lagowski,P"]
[Result "1/2-1/2"]
[WhiteElo "2560"]
[BlackElo "2335"]

1.Nf3 c5 2.c4 Nf6 3.Nc3 e6 4.g3 b6 5.Bg2 Bb7 6.O-O Be7 7.Re1 a6 8.e4 d6 9.d4 cxd4
10.Nxd4 Qc7 11.Be3 Nbd7 12.f4 O-O 13.Rc1 Rac8 14.g4 Nc5 15.Bf2 d5 16.exd5 Qxf4
17.Bg3 Qxg4 18.b4 Rfd8 19.Kh1 Qxd1 20.Rexd1 Ncd7 21.dxe6 Bxg2+ 22.Kxg2 fxe6
23.Nxe6 Re8 24.Nc7 Red8 25.N3d5 Nxd5 26.Nxd5 Bg5 27.Rc2 Re8 28.Nc7 Re7 29.Nxa6 Ne5
30.Rd4 b5 31.Bxe5 Rxe5 32.Nc5 bxc4 33.Rdxc4 Be7 34.Ne4 Rb8 35.a3 Rb6 36.Ng3 h5
37.Re4 Rxe4 38.Nxe4 Kf7 39.Kf3 g5 40.h3 g4+ 41.hxg4 hxg4+ 42.Kxg4 Bxb4 43.axb4 Rxb4
44.Kf5 Rb5+ 45.Nc5 Ke7 46.Ke5 Ra5 47.Kd5 Ra1 48.Re2+ Kf7 49.Re3 Rf1 50.Ke5 Rh1
51.Nd3 Rh5+ 52.Kd6 Rf5 53.Ne5+ Kf6 54.Re1 Rf4 55.Kd5 Kf5 56.Nd3 Ra4 57.Rf1+ Kg4
58.Ne5+ Kg3 59.Rf3+ Kg2 60.Rc3 Rf4 61.Rc8 Kf1 62.Nd3 Rf7 63.Rc2 Re7 64.Kd4 Re8
65.Ra2 Re7 66.Ne5 Ke1 67.Nf3+ Kd1 68.Kd3 Kc1 69.Rc2+ Kb1 70.Nd2+ Ka1 71.Rc6 Kb2
72.Nc4+ Ka2 73.Kc2 Ra7 74.Rc8 Ra6 75.Kc3 Ra7 76.Rh8 Rc7 77.Rg8 Kb1 78.Rg6 Rc8
79.Rg7 Ka2 80.Rg2+ Kb1 81.Rh2 Rc7 82.Rb2+ Kc1 83.Rf2 Kd1 84.Rh2 Ke1 85.Kd4 Kd1
86.Ne5 Ra7 87.Nf3 Kc1 88.Kc4 Rc7+ 89.Kd3 Rd7+ 90.Nd4 Rd8 91.Rh7 Kb2 92.Rb7+ Kc1
93.Rb6 Rd7 94.Rb5 Rd8 95.Rb7 Rd6 96.Rc7+ Kb1 97.Kc3 Rd8 98.Nc2 Ra8 99.Kb3 Kc1
100.Rd7 Rh8 101.Ne3 Rb8+ 102.Kc3 Rc8+ 103.Nc4 Kb1 104.Kd3 Rb8 105.Rh7 Rd8+
106.Kc3 Rc8 107.Rh6 Ka2 108.Kd3 Rg8 109.Rd6 Kb3 110.Rb6+ Ka4 111.Ne5 Ka5
112.Rb1 Rd8+ 113.Kc4 Rc8+ 114.Kd5 Ka4 115.Nd7 Ka3 116.Nc5 Rd8+ 117.Kc4 Rc8
118.Rb5 Ka2  1/2-1/2

[Event "11th Festival Open A"]
[Site "Senta SRB"]
[Date "2007.07.22"]
[Round "2"]
[White "Arsovic,Z"]
[Black "Sirotanovic,O"]
[Result "1-0"]
[WhiteElo "2451"]
[BlackElo "2268"]

1.Nf3 Nf6 2.c4 g6 3.Nc3 c5 4.e4 Bg7 5.d4 cxd4 6.Nxd4 Nc6 7.Be3 O-O 8.Be2 d6
9.O-O Bd7 10.Qd2 Nxd4 11.Bxd4 Bc6 12.f3 Nd7 13.Be3 Re8 14.Rac1 Qa5 15.Rc2 a6
16.Rb1 Qe5 17.Nd5 Rac8 18.Rbc1 f5 19.exf5 Qxf5 20.Nb4 Ne5 21.c5 Rcd8 22.cxd6 Rxd6
23.Qe1 Bb5 24.Rc7 Bxe2 25.Qxe2 a5 26.Nc2 Nd3 27.Rd1 Red8 28.Rxe7 b5 29.Kf1 Bxb2
30.Bh6 Bf6 31.Re8+ Kf7 32.Rxd8 Rxd8 33.Ne3 Qd7 34.Ng4 Qd4 35.h4 Rd7 36.Bg5 Bxg5
37.Nf2 Nxf2 38.Rxd4 Rxd4 39.Qxb5 Ke6 40.Qc6+ Rd6 41.Qc4+ Ke5 42.Qc3+ Ke6
43.Qxa5 Nh1 44.Kg1 Ng3 45.Qxg5 Nf5  1-0

[Event "2nd Crete Summer Cup"]
[Site "Agios Nikolaos GRE"]
[Date "2007.07.24"]
[Round "4"]
[White "Valden,P"]
[Black "Sandalakis,A"]
[Result "0-1"]
[WhiteElo "2169"]
[BlackElo "2355"]

1.Nf3 Nf6 2.c4 c5 3.Nc3 d5 4.cxd5 Nxd5 5.g3 Nc6 6.Bg2 Nc7 7.O-O e5 8.d3 Be7
9.Nd2 O-O 10.Nc4 f6 11.f4 exf4 12.Bxf4 Ne6 13.Nd5 Nxf4 14.gxf4 Be6 15.Nxe7+ Qxe7
16.Bxc6 bxc6 17.Qa4 Qd7 18.Nd2 Rab8 19.Rf2 Rxb2 20.Ne4 Bd5 21.Nxc5 Qg4+ 22.Kf1 Rxe2
23.Rxe2 Qf3+ 24.Ke1 Qh1+ 25.Kf2 Qxa1 26.Qb4 a5 27.Nb3 Qh1 28.Nxa5 Qf3+ 29.Ke1 Qxd3
30.Qd2 Qb1+ 31.Kf2 Qh1 32.Nb3 Qg2+ 33.Ke3 Re8+ 34.Kd3 Rxe2 35.Qxe2 Bc4+  0-1

[Event "33rd Open"]
[Site "Sitges ESP"]
[Date "2007.07.25"]
[Round "8"]
[White "Beltran Rueda,S"]
[Black "Priyadharshan,K"]
[Result "1-0"]
[WhiteElo "2423"]
[BlackElo "2248"]

1.Nf3 Nf6 2.c4 c5 3.Nc3 e6 4.g3 b6 5.Bg2 Bb7 6.O-O Be7 7.d4 cxd4 8.Qxd4 O-O
9.Bg5 h6 10.Bxf6 Bxf6 11.Qd3 Bxc3 12.Qxc3 Qe7 13.Rfd1 Na6 14.Ne5 Bxg2 15.Kxg2 d6
16.Nc6 Qc7 17.Nd4 Qb7+ 18.Qf3 Qxf3+ 19.Kxf3 Rfc8 20.Rac1 Nc7 21.e4 Kf8 22.Rc3 Ne8
23.Ke3 Ke7 24.b3 a6 25.a4 g6 26.f4 h5 27.Rcd3 Rc7 28.Nf3 Rd8 29.e5 Rcd7 30.h3 dxe5
31.Rxd7+ Rxd7 32.Rxd7+ Kxd7 33.Nxe5+ Ke7 34.Kd4 Nd6 35.g4 hxg4 36.hxg4 Nb7
37.b4 a5 38.c5 axb4 39.cxb6 Na5 40.g5 f6 41.Nc4 Nb7 42.a5 Nd8 43.a6 e5+ 44.fxe5 fxe5+
45.Kd5  1-0

[Event "Open NK"]
[Site "Dieren NED"]
[Date "2007.07.26"]
[Round "3"]
[White "Theulings,PP"]
[Black "Schenkeveld,Di"]
[Result "1/2-1/2"]
[WhiteElo "2194"]
[BlackElo "2060"]

1.Nf3 Nf6 2.c4 c5 3.Nc3 e6 4.d4 cxd4 5.Nxd4 d5 6.cxd5 Nxd5 7.Bd2 Bc5 8.Nb3 Be7
9.Nxd5 exd5 10.Bc3 O-O 11.e3 b6 12.Be2 Bb7 13.Bf3 Na6 14.O-O Nc5 15.Nxc5 bxc5
16.Qa4 Qb6 17.Qd7 Bd6 18.Qg4 d4 19.exd4 Bxf3 20.gxf3 Qc7 21.dxc5 Bxh2+ 22.Kg2 Be5
23.Bxe5 Qxe5 24.Rac1 f5 25.Qc4+ Kh8 26.Rfe1 Qf6 27.Re6 Qg5+ 28.Kf1 Qh5 29.Rc3 f4
30.Ke2 Rfe8 31.Rxe8+ Rxe8+ 32.Kd2 Qh4 33.Kc2 Qxf2+ 34.Kb1 Re2 35.Rc2 Qf1+
36.Rc1 Qxf3 37.c6 Re8 38.c7 Rc8 39.Qd4 Qa8 40.Qxf4 h6 41.Qf5 a5 42.Qd7 Qe4+
43.Ka1 Qb7 44.a3 a4 45.Kb1 Qe4+ 46.Ka2 Qb7 47.Ka1 Kh7 48.Rg1 Rxc7 49.Rxg7+ Kh8
50.Qxc7 Qh1+ 51.Ka2 Qd5+ 52.Kb1 Qd1+ 53.Ka2  1/2-1/2

[Event "2nd Crete Summer Cup"]
[Site "Agios Nikolaos GRE"]
[Date "2007.07.29"]
[Round "9"]
[White "Valden,P"]
[Black "Ceballos Hornero,D"]
[Result "1/2-1/2"]
[WhiteElo "2169"]
[BlackElo "2195"]

1.Nf3 Nf6 2.c4 c5 3.Nc3 g6 4.g3 b6 5.Bg2 Bb7 6.O-O Bg7 7.Re1 d5 8.d4 dxc4
9.dxc5 Qxd1 10.Rxd1 Nbd7 11.cxb6 Nxb6 12.Be3 Nfd5 13.Nxd5 Nxd5 14.Bd4 Bxd4
15.Rxd4 Nb6 16.Ne5 Bxg2 17.Kxg2 Rc8 18.Rc1 O-O 19.f4 Rfd8 20.Rxd8+ Rxd8 21.Rc2 Rd5
22.Nxc4 Nxc4 23.Rxc4 Rd2 24.Kf3 Rxb2 25.Ra4  1/2-1/2

[Event "US Open"]
[Site "Cherry Hill USA"]
[Date "2007.07.31"]
[Round "3"]
[White "Gulko,B"]
[Black "Rohde,M"]
[Result "1/2-1/2"]
[WhiteElo "2576"]
[BlackElo "2450"]

1.Nf3 Nf6 2.c4 c5 3.Nc3 b6 4.e4 d6 5.d4 cxd4 6.Nxd4 Bb7 7.Bd3 g6 8.O-O Bg7
9.Bg5 Nbd7 10.Re1 Rc8 11.Bf1 h6 12.Bh4 O-O 13.Rc1 a6 14.Nd5 e6 15.Nxf6+ Bxf6
16.Bxf6 Qxf6 17.Qd2 Rfd8 18.b4 Ne5 19.Nb3 Qg5 20.Qe3 Qxe3 21.Rxe3 Kf8 22.f3  1/2-1/2

[Event "94th ch-GBR"]
[Site "Great Yarmouth ENG"]
[Date "2007.07.31"]
[Round "2"]
[White "Lewis,An"]
[Black "Stokes,I"]
[Result "1-0"]
[WhiteElo "2284"]
[BlackElo "2055"]

1.c4 Nf6 2.Nc3 c5 3.Nf3 d5 4.cxd5 Nxd5 5.e4 Nxc3 6.dxc3 Qxd1+ 7.Kxd1 Nc6
8.Be3 e5 9.Bc4 f6 10.Ke2 Bd7 11.Rhd1 O-O-O 12.Bd5 Be7 13.Nd2 g6 14.f3 h5
15.a3 f5 16.b4 cxb4 17.axb4 a6 18.Nc4 Bf6 19.b5 Nb8 20.Nb6+ Kc7 21.Nxd7 Rxd7
22.b6+ Kd8 23.Bxb7  1-0

[Event "Sun Pawn Open"]
[Site "Ilichevsk UKR"]
[Date "2007.07.31"]
[Round "11"]
[White "Kochetkov,Vit"]
[Black "Zavgorodniy,S"]
[Result "0-1"]
[WhiteElo "2316"]
[BlackElo "2422"]

1.c4 Nf6 2.Nc3 e6 3.Nf3 c5 4.g3 Be7 5.Bg2 O-O 6.O-O a6 7.b3 Nc6 8.Bb2 d6
9.d4 cxd4 10.Nxd4 Bd7 11.Ne4 Nxe4 12.Bxe4 f5 13.Bg2 f4 14.Qd3 Qa5 15.Bh3 Nxd4
16.Bxd4 Qh5 17.Bg2 e5 18.Bc3 Bc6 19.Rad1 Rf6 20.Bd5+ Kh8 21.Qf3 Qe8 22.Qg2 Rh6
23.Bxc6 bxc6 24.c5 d5 25.Bxe5 fxg3 26.Bxg3 Bxc5 27.e3 Qe6 28.Rc1 Ba3 29.Rc2 Rg6
30.Kh1 Rf8 31.e4 h5 32.exd5 cxd5 33.h4 Be7 34.Rd1 Bxh4 35.Rxd5 Bg5 36.Re5 Qg4
37.Qe4 Qh3+ 38.Kg1 Rd6 39.Rd5 Rxd5 40.Qxd5 Re8 41.Qd1 Be3 42.Bh2 Bb6 43.Re2 Rd8
44.Rd2 Bxf2+ 45.Kxf2 Qxh2+ 46.Ke1 Qxd2+ 47.Qxd2 Rxd2 48.Kxd2 Kg8  0-1

[Event "MTO"]
[Site "Biel SUI"]
[Date "2007.08.01"]
[Round "9"]
[White "Ulibin,M"]
[Black "Shipov,S"]
[Result "1-0"]
[WhiteElo "2514"]
[BlackElo "2559"]

1.c4 Nf6 2.Nc3 c5 3.Nf3 e6 4.e4 Nc6 5.Be2 e5 6.d3 d6 7.O-O g6 8.Ne1 Bg7 9.f4 exf4
10.Bxf4 O-O 11.Bg5 h6 12.Bh4 Be6 13.Nc2 a6 14.Kh1 Rb8 15.Nd5 g5 16.Be1 Nd7
17.Bc3 f5 18.exf5 Bxf5 19.Bg4 Bg6 20.Rxf8+ Nxf8 21.Nce3 Nd4 22.Rb1 Nfe6 23.Bxe6+ Nxe6
24.Qg4 Qe8 25.Nf5 Bxf5 26.Qxf5 Qf7 27.Qxf7+ Kxf7 28.Rf1+ Kg6 29.Ne7+ Kh5
30.Bxg7 Nxg7 31.Rf7 Ne6 32.g3 b5 33.b3 g4 34.Rf6 Ng5 35.Nf5 Nh3 36.Nxd6 Rd8
37.Nf7 Rh8 38.Nxh8  1-0

[Event "Open"]
[Site "Olomouc CZE"]
[Date "2007.08.02"]
[Round "1"]
[White "Pozin,S"]
[Black "Muehlhan,K"]
[Result "1-0"]
[WhiteElo "2450"]
[BlackElo "1902"]

1.Nf3 c5 2.c4 Nf6 3.Nc3 e6 4.e3 b6 5.d4 cxd4 6.exd4 d5 7.cxd5 Nxd5 8.Ne5 Bb4
9.Bd2 O-O 10.Nxd5 Bxd2+ 11.Qxd2 Qxd5 12.Be2 f6 13.Bf3 Qb5 14.a4 Qa6 15.Nd3 Rd8
16.Nb4 Qc4 17.Rc1 Qb3 18.Bd1  1-0

[Event "Valoz Cup GMA"]
[Site "Olomouc CZE"]
[Date "2007.08.03"]
[Round "4"]
[White "Sulypa,A"]
[Black "Bernasek,J"]
[Result "1/2-1/2"]
[WhiteElo "2478"]
[BlackElo "2517"]

1.Nf3 Nf6 2.c4 g6 3.Nc3 c5 4.d4 cxd4 5.Nxd4 Nc6 6.e4 d6 7.Be2 Bg7 8.Be3 Bd7
9.O-O O-O 10.Qd2 Nxd4 11.Bxd4 Bc6 12.f3 Nh5 13.Be3 f5 14.exf5 gxf5 15.Rad1 Qa5
16.Nd5 Qxd2 17.Rxd2 f4 18.Bf2 Bxd5 19.Rxd5 Nf6 20.Rb5 b6 21.Bd3 Nd7 22.Rh5 h6
23.Be4 Rac8 24.Bd5+ Kh7 25.Be4+ Kh8 26.Bf5 Rc7 27.Bxd7 Rxd7 28.Rb5 Rc8 29.b3 Be5
30.Rd1 Rdc7 31.Bd4 Bxd4+ 32.Rxd4 Rf8 33.Rh5 Rf6 34.Rhd5  1/2-1/2

[Event "Open"]
[Site "Dubna RUS"]
[Date "2007.08.05"]
[Round "2"]
[White "Gulkov,I"]
[Black "Volkov,E"]
[Result "1/2-1/2"]
[WhiteElo "2355"]
[BlackElo "2184"]

1.Nf3 Nf6 2.c4 c5 3.Nc3 e6 4.g3 b6 5.Bg2 Bb7 6.O-O Be7 7.d4 cxd4 8.Qxd4 d6
9.Bg5 a6 10.Bxf6 Bxf6 11.Qf4 Bxf3 12.exf3 Ra7 13.Rfd1 Be7 14.Qd4 O-O 15.f4 g6
16.Rd2 Rd7 17.Rad1 Bf6 18.Qd3 Qc7 19.Ne4 Bg7 20.Qa3 Rfd8 21.Nxd6 Bf8 22.c5 bxc5
23.Nc4 Rxd2 24.Rxd2 Rxd2 25.Nxd2 Qb6 26.Nc4 Qb4 27.Qxb4 cxb4 28.Bb7  1/2-1/2

[Event "XVIII Kochan Mem"]
[Site "Koszalin POL"]
[Date "2007.08.05"]
[Round "1"]
[White "Cyborowski,L"]
[Black "Mazalon,M"]
[Result "1/2-1/2"]
[WhiteElo "2560"]
[BlackElo "1752"]

1.Nf3 Nf6 2.c4 c5 3.Nc3 e6 4.g3 d5 5.cxd5 exd5 6.d4 Nc6 7.Bg2 Be7 8.O-O O-O
9.dxc5 Bxc5 10.Bg5 d4 11.Bxf6 Qxf6 12.Nd5 Qd8 13.Nd2 Re8 14.Nb3 Bb6 15.Re1 Bg4
16.Rc1 Re5 17.Nf4 Qe8 18.h3 Be6 19.Nd3 Bxb3 20.Qxb3 Rxe2 21.Rxe2 Qxe2 22.Bxc6 bxc6
23.Rxc6 h5 24.Qc2 Qf3 25.h4 Re8 26.Rc8 Qe4 27.Nf4 Qe1+ 28.Kg2 g6 29.Qc6 Rxc8
30.Qxc8+ Kg7 31.Qb7 Qe5 32.Qd5 Qf6 33.Qe4 Qd6 34.a3 a5 35.Kf3 a4 36.Kg2 Bd8
37.Qd5 Qb6 38.Nd3 Bf6 39.Kg1 Qb8 40.Qc4 Qa8 41.Nf4 Qe4 42.Qxa4 Bxh4 43.Qd1 Bf6
44.Qd3 Qb7 45.b4 h4 46.gxh4 Bxh4 47.Qxd4+ Bf6 48.Qd3 Qc8 49.Qf3 Be5 50.Nd3 Bd4
51.a4 Qc2 52.a5 Qa2 53.Kg2 Qc4 54.Qe4 f5 55.Qb7+ Kh6 56.Qf3 Bc3 57.Qe3+ g5
58.Ne5 Bxe5 59.Qxe5 Qg4+ 60.Kh1 f4 61.Qd6+ Kg7 62.Qd4+ Kg6 63.a6 Qf3+ 64.Kg1 g4
65.Qd6+ Kg5 66.Qe5+ Kg6 67.Qe8+ Kg5 68.Qg8+ Kf5 69.Qc8+ Kg5 70.Qc5+ Kh4 71.Qe7+ Kh5
72.Qe1 g3 73.fxg3 fxg3 74.a7 Kg4 75.b5 Qd5 76.Qe2+ Kh4 77.Qe7+ Kh3 78.Qh7+ Kg4
79.Qg7+ Kh3 80.Qh8+ Kg4 81.Qg7+ Kh3 82.Qh6+ Kg4 83.Qg6+ Kh4 84.Qf6+ Kg4 85.Qg6+ Kh4
86.Qh6+ Kg4 87.Qg7+  1/2-1/2

[Event "Valoz Cup GMA"]
[Site "Olomouc CZE"]
[Date "2007.08.05"]
[Round "6"]
[White "Ibrayev,N"]
[Black "Zeberski,J"]
[Result "1/2-1/2"]
[WhiteElo "2468"]
[BlackElo "2437"]

1.c4 c5 2.Nf3 Nf6 3.Nc3 e6 4.g3 b6 5.Bg2 Bb7 6.O-O d6 7.e3 Be7 8.d4 Ne4 9.Ne2 Nd7
10.Nf4 O-O 11.d5 e5 12.Ne2 f5 13.Ne1 Nef6 14.a4 Bc8 15.f4 a5 16.Nd3 e4 17.Nf2 h5
18.h3 Qe8 19.Kh2 Qg6 20.Rg1 Kf7 21.Bf1 Rh8 22.Nc3 Nb8 23.Be2 Na6 24.Kg2 Nb4
25.Kf1 Bd7 26.b3 Qh6 27.h4  1/2-1/2